Effects of locus of control and motives on stress and effectiveness: a study of women managers (Record no. 45769)

000 -LEADER
fixed length control field 00479pab a2200181 454500
008 - FIXED-LENGTH DATA ELEMENTS--GENERAL INFORMATION
fixed length control field 180718b2000 xxu||||| |||| 00| 0 eng d
100 ## - MAIN ENTRY--PERSONAL NAME
Personal name Vidhu Mohan
245 ## - TITLE STATEMENT
Title Effects of locus of control and motives on stress and effectiveness: a study of women managers
260 ## - PUBLICATION, DISTRIBUTION, ETC.
Date of publication, distribution, etc. 2000
300 ## - PHYSICAL DESCRIPTION
Extent p.41-47
362 ## - DATES OF PUBLICATION AND/OR SEQUENTIAL DESIGNATION
Dates of publication and/or sequential designation Jan-Jun
650 ## - SUBJECT ADDED ENTRY--TOPICAL TERM
Topical term or geographic name entry element Managers
650 ## - SUBJECT ADDED ENTRY--TOPICAL TERM
Topical term or geographic name entry element Women executives
700 ## - ADDED ENTRY--PERSONAL NAME
Personal name Chauhan, S.P.
700 ## - ADDED ENTRY--PERSONAL NAME
Personal name Chauhan, Daisy
773 ## - HOST ITEM ENTRY
Main entry heading Vision
909 ## -
-- 45769
Holdings
Withdrawn status Lost status Damaged status Not for loan Permanent Location Current Location Date acquired Serial Enumeration / chronology Barcode Date last seen Price effective from Koha item type
        Indian Institute of Public Administration Indian Institute of Public Administration 2018-07-19 Volume no: 40, Issue no: 1 AR46193 2018-07-19 2018-07-19 Articles

Powered by Koha